[Event "AUT-ch"]
[Site "Moesern"]
[Date "1997.08.04"]
[Round "3"]
[White "Lehner, Oliver"]
[Black "Lendwai, Reinhard"]
[Result "0-1"]
[WhiteElo "2400"]
[BlackElo "2375"]

1.d4 Nf6 2.c4 e6 3.Nc3 Bb4 4.f3 d5 5.a3 Bxc3+ 6.bxc3 c5 7.cxd5 exd5 8.e3 O-O
9.Bd3 b6 10.Ne2 Ba6 11.Bxa6 Nxa6 12.O-O Nb8 13.Ng3 Nc6 14.Qd3 Rc8 15.Bb2 cxd4
16.cxd4 Qd7 17.Rad1 Ne7 18.e4 Ne8 19.Bc1 Rc4 20.Rfe1 Nd6 21.exd5 Nxd5 22.Re5 Qc6
23.Bd2 Qa4 24.Bg5 Nc3 25.Rd2 f6 26.Re6 Ncb5 27.Be3 Rc3 28.Qe2 Nc4 29.Rd3 Rxd3
30.Qxd3 Nxe3 31.Rxe3 Qxd4 32.Qxd4 Nxd4 33.Re7 Rf7 34.Re8+ Rf8 35.Re7 a5 36.Rd7 Nb5
37.Rb7 Nxa3 38.Rxb6 Ra8 39.Rb7 Nc4 40.Nh5 a4 41.Rxg7+ Kf8 42.Rxh7 Ra6 43.Rc7 Ne3
44.Rc3 a3 45.Rxe3 a2 46.Re1 Rb6  0-1

[Event "EU-ch U20 Girls"]
[Site "Tallinn"]
[Date "1997.09.11"]
[Round "2"]
[White "Dubinskaya, M."]
[Black "Lomineishvili, Maia"]
[Result "0-1"]
[WhiteElo "2100"]
[BlackElo "2350"]

1.d4 Nf6 2.c4 e6 3.Nc3 Bb4 4.f3 d5 5.a3 Bxc3+ 6.bxc3 c5 7.cxd5 Nxd5 8.Qd2 Nc6
9.e4 Nf6 10.Bb5 Qa5 11.Bxc6+ bxc6 12.Ne2 Ba6 13.Kf2 O-O 14.Re1 Rfd8 15.Qg5 Rab8
16.Qxc5 Qxc5 17.dxc5 e5 18.Ra2 Bc4 19.Rd2 Rxd2 20.Bxd2 Rb2 21.Bg5 Nd7 22.Be7 f6
23.Ke3 Rc2 24.a4 Kf7 25.Bd6 Ra2 26.g4 g5 27.Nc1 Rc2 28.Ne2 Ke6 29.Kf2 a5
30.h3 h6 31.Ke3 Bxe2 32.Rxe2 Rxc3+ 33.Kd2 Ra3 34.Re3 Rxa4 35.Rc3 Ra1 36.Rc1 Rxc1
37.Kxc1 Nb6 38.Kc2 Nc4 39.Bc7 a4 40.Kc3 a3 41.Kb3 Nd2+ 42.Kxa3 Nxf3 43.Ba5 Ng1
44.Bd2 Nxh3 45.Be3 Nf4 46.Kb4 h5 47.gxh5 Nxh5  0-1

[Event "Budapest FS11 IM-B"]
[Site "Budapest"]
[Date "1997.11.04"]
[Round "3"]
[White "Shishkim, Va"]
[Black "Rodriguez Lopez, Rafael"]
[Result "1-0"]
[WhiteElo "2250"]
[BlackElo "2325"]

1.d4 Nf6 2.c4 e6 3.Nc3 Bb4 4.f3 d5 5.a3 Bxc3+ 6.bxc3 c5 7.cxd5 Nxd5 8.Qd3 O-O
9.e4 Ne7 10.f4 cxd4 11.cxd4 b6 12.Qe3 Bb7 13.Nf3 Nbc6 14.Bd3 Rc8 15.Bb2 Na5
16.Qe2 b5 17.O-O Nc4 18.a4 a6 19.Bc3 Re8 20.axb5 axb5 21.Bb4 f5 22.Bc5 fxe4
23.Bxe4 Bxe4 24.Qxe4 Nd5 25.Ra7 Rc7 26.Rfa1 Rxa7 27.Rxa7 Qf6 28.Ng5 Qf5 29.Qxe6+ Qxe6
30.Nxe6 b4 31.Rb7 Na5 32.Rb5 Nc6 33.f5 g6 34.g4 gxf5 35.gxf5 Ne3 36.Nc7 Rc8
37.d5 Rxc7 38.Bxe3 Nd8 39.Rb8 Rd7 40.Bb6  1-0

[Event "AUT-chT2O 9798"]
[Site "Austria"]
[Date "1997.12.07"]
[Round "5"]
[White "Lehner, Oliver"]
[Black "Farago, Ivan"]
[Result "1/2-1/2"]
[WhiteElo "2400"]
[BlackElo "2445"]

1.d4 Nf6 2.c4 e6 3.Nc3 Bb4 4.f3 d5 5.a3 Bxc3+ 6.bxc3 c5 7.cxd5 Nxd5 8.dxc5 Qa5
9.e4 Nc7 10.Be3 O-O 11.Qb3 Nca6 12.Rd1 Nc6 13.Bb5 e5 14.Ne2 Be6 15.Qb2 Rfc8
16.Kf2 Nxc5 17.Bxc5 a6 18.a4 axb5 19.axb5 Bc4 20.Ra1 Qxb5 21.Qxb5 Bxb5 22.Ng3 g6
23.Rhb1 Rxa1 24.Rxa1 Nd8 25.Bb4 Ne6 26.Ra5 Ba6 27.Nf1 Nf4  1/2-1/2

[Event "Alushta"]
[Site "Alushta"]
[Date "1997.??.??"]
[Round "9"]
[White "Moskalenko, Viktor"]
[Black "Rogovski, Vladimir"]
[Result "1/2-1/2"]
[WhiteElo "2485"]
[BlackElo "2455"]

1.d4 Nf6 2.c4 e6 3.Nc3 Bb4 4.f3 Nh5 5.g3 O-O 6.e4 f5 7.Bd3 Nc6 8.a3 Bxc3+
9.bxc3 d6 10.exf5 exf5 11.Ne2 Na5 12.O-O c5 13.Ra2 b6 14.h3 d5 15.g4 Nf6
16.dxc5 dxc4 17.Bxf5 Bxf5 18.Qxd8 Raxd8 19.gxf5 Nd5 20.cxb6 axb6 21.Ng3 Nxc3
22.Rg2 Rf7 23.Nh5 Kf8 24.Bb2 Rd3 25.Nf4 Nd5 26.Nxd3 cxd3 27.Rc1 Nb3 28.Rf1 d2
29.f6 gxf6  1/2-1/2

[Event "GER-ch U20"]
[Site "Apolda"]
[Date "1997.??.??"]
[Round "1"]
[White "Naumann, Alexander"]
[Black "Fuhrmann, Daniel"]
[Result "1-0"]
[WhiteElo "2380"]
[BlackElo "2280"]

1.d4 Nf6 2.c4 e6 3.Nc3 Bb4 4.f3 d5 5.a3 Bxc3+ 6.bxc3 O-O 7.e3 c5 8.cxd5 Nxd5
9.c4 Nb6 10.Bd3 cxd4 11.exd4 e5 12.dxe5 Nxc4 13.f4 Qa5+ 14.Bd2 Nxd2 15.Qxd2 Qxd2+
16.Kxd2 Nd7 17.Ke3 Nc5 18.Bc4 Be6 19.Bxe6 Nxe6 20.Nf3 Rac8 21.Rac1 Rfd8 22.Rhd1 g6
23.g4 b6 24.Rxd8+ Rxd8 25.Rc6 Nc5 26.Nd4 Rd5 27.h4 Kg7 28.h5 Rd7 29.h6+ Kf8
30.Rc8+ Ke7 31.Rh8  1-0

[Event "Regionalliga NW9697"]
[Site "Bayern"]
[Date "1997.??.??"]
[Round "?"]
[White "Kraich, Klaus"]
[Black "Stauch, Frank"]
[Result "0-1"]
[WhiteElo "2005"]
[BlackElo "2075"]

1.d4 Nf6 2.c4 e6 3.Nc3 Bb4 4.f3 c5 5.d5 Bxc3+ 6.bxc3 Nh5 7.g3 f5 8.e4 O-O
9.f4 Nf6 10.e5 Ne4 11.Bg2 Qa5 12.Bd2 exd5 13.cxd5 c4 14.d6 Na6 15.Qe2 b5
16.Bxe4 fxe4 17.Qxe4 Rb8 18.Nf3 Bb7 19.Qe2 Nc5 20.O-O Rbe8 21.Nd4 a6 22.Qe3 Ne4
23.a4 Qb6 24.axb5 axb5 25.Rfb1 Nxd6 26.Nxb5 Qc6  0-1

[Event "Benasque op"]
[Site "Benasque"]
[Date "1997.??.??"]
[Round "7"]
[White "Gallego, Victoriano"]
[Black "Pogorelov, Ruslan"]
[Result "0-1"]
[WhiteElo "2395"]
[BlackElo "2465"]

1.d4 Nf6 2.c4 e6 3.Nc3 Bb4 4.f3 d5 5.a3 Bxc3+ 6.bxc3 c5 7.cxd5 Nxd5 8.Qd2 f5
9.Nh3 O-O 10.e3 cxd4 11.cxd4 Nc6 12.Bd3 Bd7 13.O-O Na5 14.Rb1 Rc8 15.Bb2 Nb3
16.Qe2 Qa5 17.Rfd1 Ba4 18.Bc4 Qc7 19.Bxb3 Bxb3 20.Rdc1 Bc4 21.Qd2 Qd6 22.Nf2 Qa6
23.Nd1 b5 24.Nc3 Qd6 25.Nxd5 exd5 26.Bc3 Rfe8 27.Bb4 Qh6 28.Re1 Re6 29.f4 g5
30.fxg5 Qxg5 31.Qf2 Rce8 32.Qf4 Qxf4 33.exf4 Re4 34.g3 Kf7 35.Rbd1 h5 36.Rxe4 Rxe4
37.Rd2 h4 38.Kf2 Kg6 39.Ba5 Kh5 40.Bb4 Kg4 41.Bc3 Re6 42.Rb2 hxg3+ 43.hxg3 Ra6
44.Bb4 Rh6 45.Ke3 Rh1 46.Kd2 Kxg3 47.Bd6 Kf3  0-1

[Event "Berliner Sommer"]
[Site "Berlin"]
[Date "1997.??.??"]
[Round "6"]
[White "Naumann, Alexander"]
[Black "Timoshenko, Georgy"]
[Result "0-1"]
[WhiteElo "2385"]
[BlackElo "2570"]

1.d4 Nf6 2.c4 e6 3.Nc3 Bb4 4.f3 O-O 5.e4 d5 6.e5 Nfd7 7.cxd5 exd5 8.a3 Bxc3+
9.bxc3 f6 10.f4 fxe5 11.dxe5 Nxe5 12.Be2 Ng6 13.g3 c6 14.Nf3 Qb6 15.Qd4 Re8
16.Kf2 Nd7 17.Be3 Qc7 18.f5 Nf6 19.fxg6 Ng4+ 20.Kg1 Rxe3 21.gxh7+ Kh8 22.Ra2 Bf5
23.Nh4 Be4 24.Ng2 Bxg2 25.Kxg2 Re4 26.Qd3 Ne3+ 27.Kf2 Rf8+ 28.Ke1 Qe5 29.Rb2 b5
30.Rg1 Qf5  0-1

[Event "SLO-chT (Women)"]
[Site "Bled"]
[Date "1997.??.??"]
[Round "4"]
[White "Krmelj, Natasa"]
[Black "Ankerst, Milka"]
[Result "1/2-1/2"]
[WhiteElo "2070"]
[BlackElo "2175"]

1.d4 Nf6 2.c4 e6 3.Nc3 Bb4 4.f3 d5 5.a3 Bxc3+ 6.bxc3 O-O 7.Bg5 Re8 8.e3 c6
9.Qc2 Nbd7 10.Bd3 Qa5 11.Bxf6 Nxf6 12.Ne2 dxc4 13.Bxc4 Qg5 14.Kf2 e5 15.h4 Qf5
16.Qxf5 Bxf5 17.e4 Bd7 18.Rhd1 Kf8 19.g4 Rad8 20.Rd2 Bxg4 21.fxg4 Nxe4+ 22.Ke3 Nxd2
23.Kxd2 exd4 24.cxd4 Re4 25.Rg1 h5 26.Rf1 f6 27.g5 Rd6 28.Rh1 Rg4 29.gxf6 Rxf6
30.Bd3 Rf3 31.Rh2 Ke7 32.a4 c5 33.dxc5 Rxa4 34.Nc3 Ra3 35.Re2+ Kd8 36.Rg2 Rf7
37.Bg6 Rf3 38.Bd3 Rf7 39.Bg6 Rf4 40.Bxh5 Rd4+ 41.Kc2 Rxh4 42.Be2 Rh3 43.Bd3 g5
44.Rxg5 Rh2+ 45.Be2 Rxc3+ 46.Kxc3 Rxe2 47.Rg7 Re7 48.Rg8+ Kc7 49.Ra8 Kc6
50.Rxa7 Kxc5 51.Ra5+ b5 52.Ra8 Re3+ 53.Kc2 Kc4 54.Rh8 Re2+ 55.Kb1 Kb3 56.Rh3+ Ka4
57.Rh1 b4 58.Rg1  1/2-1/2

[Event "Budapest FS05 IM"]
[Site "Budapest"]
[Date "1997.??.??"]
[Round "5"]
[White "Lauber, Arnd"]
[Black "Lopushnoy, Denis"]
[Result "1/2-1/2"]
[WhiteElo "2360"]
[BlackElo "2290"]

1.d4 Nf6 2.c4 e6 3.Nc3 Bb4 4.f3 O-O 5.e4 d5 6.e5 Nfd7 7.a3 Bxc3+ 8.bxc3 dxc4
9.f4 Nb6 10.a4 a5 11.Nf3 Bd7 12.Ba3 Re8 13.Bc5 Nxa4 14.Rxa4 b6 15.Rxc4 bxc5
16.Bd3 h6  1/2-1/2

[Event "Najdorf op"]
[Site "Buenos Aires"]
[Date "1997.??.??"]
[Round "6"]
[White "Tempone, Marcelo"]
[Black "Arambel, Sergio"]
[Result "1/2-1/2"]
[WhiteElo "2450"]
[BlackElo "2195"]

1.d4 Nf6 2.c4 e6 3.Nc3 Bb4 4.f3 d5 5.a3 Bxc3+ 6.bxc3 c5 7.e3 O-O 8.cxd5 exd5
9.Bd3 b6 10.Ne2 Ba6 11.Bxa6 Nxa6 12.O-O cxd4 13.cxd4 Qd7 14.Qd3 Nc7 15.a4 Rfe8
16.Ng3 Rad8 17.Bb2 Ne6 18.a5 b5 19.a6 Rc8 20.Ra5 Rc4 21.Rd1 Qc6 22.Nf1 Qb6
23.Rda1 Rec8 24.Nd2 Rc2 25.R5a2 Qc6 26.Rd1 h5 27.Qa3 h4 28.Raa1 Qb6 29.Qb3  1/2-1/2

[Event "Goodricke op"]
[Site "Calcutta"]
[Date "1997.??.??"]
[Round "2"]
[White "Ooi Chern Ee"]
[Black "Sanjoy, Bhattacharya"]
[Result "1/2-1/2"]
[WhiteElo "2305"]
[BlackElo "2170"]

1.d4 e6 2.c4 Nf6 3.Nc3 Bb4 4.f3 O-O 5.e4 Bxc3+ 6.bxc3 d6 7.Bd3 Nbd7 8.Ne2 c5
9.O-O Nb6 10.f4 Qc7 11.e5 Ne8 12.Qc2 f5 13.Be3 Nd7 14.Ng3 g6 15.Rad1 b6 16.d5 exd5
17.cxd5 dxe5 18.fxe5 Nxe5 19.Bf4 Qg7 20.Rfe1 Nxd3 21.Qxd3 Bd7 22.d6 Rf7 23.Re7 Rxe7
24.dxe7 Bc6 25.Qe3 Qf7 26.a3 a5 27.Qe5 Ra7 28.Re1 Qd5 29.Qe6+ Qxe6 30.Rxe6 Bd5
31.Rxb6 Rxe7 32.Rb5 a4 33.Rxc5 Bb3 34.Re5 Kf7 35.Kf2 Rxe5 36.Bxe5 Ke6 37.Bd4 Nd6
38.Ne2 Nb5 39.Bc5 Kd5 40.Bb4 Kc4 41.Ke1 Kd3 42.h4 Bc4 43.g3 Bb3 44.Bc5 Bd5
45.Bb4 Be4 46.Nf4+ Kc4 47.Kd2 Nc7 48.Bd6 Nb5  1/2-1/2

[Event "Goodricke op"]
[Site "Calcutta"]
[Date "1997.??.??"]
[Round "8"]
[White "Ooi Chern Ee"]
[Black "Parameswaran, Tiruchi N"]
[Result "1-0"]
[WhiteElo "2305"]
[BlackElo "2400"]

1.d4 Nf6 2.c4 e6 3.Nc3 Bb4 4.f3 d5 5.a3 Be7 6.e4 dxe4 7.fxe4 e5 8.d5 Bc5
9.Nf3 Ng4 10.Na4 Bf2+ 11.Ke2 Bd4 12.Nxd4 exd4 13.Qxd4 O-O 14.h3 Qh4 15.g3 Qxg3
16.hxg4 Bxg4+ 17.Kd2 Qf3 18.Rg1 Nc6 19.Qe3 Qd1+ 20.Kc3 f5 21.b3 f4 22.Qd2 Qf3+
23.Bd3 Ne5 24.Bb2 Bh3 25.Kc2 Rae8 26.Rg5 Ng6 27.e5 b5 28.Nc5 bxc4 29.bxc4 Qe3
30.Qxe3 fxe3 31.Re1 Rf2+ 32.Kc1 Rb8  1-0

[Event "Cannes op 18th"]
[Site "Cannes"]
[Date "1997.??.??"]
[Round "8"]
[White "Liardet, Fabrice"]
[Black "Xu Jun"]
[Result "0-1"]
[WhiteElo "2330"]
[BlackElo "2515"]

1.d4 Nf6 2.c4 e6 3.Nc3 Bb4 4.f3 d5 5.a3 Bxc3+ 6.bxc3 c5 7.cxd5 Nxd5 8.Qd3 cxd4
9.cxd4 b6 10.e4 Ba6 11.Qc2 Bxf1 12.Kxf1 Ne7 13.Be3 O-O 14.Nh3 Nbc6 15.Qd3 Rc8
16.Kf2 Ne5 17.Qb3 Nc4 18.Rac1 Nxe3 19.Qxe3 Qd6 20.Nf4 Rfd8 21.Rhd1 Rxc1 22.Rxc1 e5
23.dxe5 Qxe5 24.g3 h6 25.Qc3 Qd6 26.Nh5 Qd2+ 27.Qxd2 Rxd2+ 28.Ke3 Rxh2 29.Nf4 Ra2
30.Rc3 g5 31.Nd5 Ng6 32.f4 Kg7 33.f5 Ne5 34.Kd4 Ng4 35.Nc7 Rd2+ 36.Kc4 Kf6
37.Kb5 Ke5 38.Ka6 Nf6 39.Kxa7 Nxe4 40.Rb3 Kxf5 41.Kxb6 Rd4 42.Rf3+ Kg4 43.Rxf7 h5
44.Rh7 Nxg3 45.Kc5 Ra4 46.Kd5 h4 47.Ke5 Rxa3 48.Nd5 Nh5 49.Rb7 h3 50.Rb4+ Kf3
51.Rb2 g4  0-1

[Event "CZE-chT2 9798"]
[Site "CZE"]
[Date "1997.??.??"]
[Round "3.8"]
[White "Hlavacek, Robert"]
[Black "Bechyne, Jaroslav"]
[Result "1-0"]
[WhiteElo "2095"]
[BlackElo "2175"]

1.d4 Nf6 2.c4 e6 3.Nc3 Bb4 4.f3 d5 5.a3 Bxc3+ 6.bxc3 b6 7.cxd5 exd5 8.e3 O-O
9.Bd3 Ba6 10.Bxa6 Nxa6 11.Qd3 Qc8 12.Ne2 Re8 13.O-O c5 14.Bd2 c4 15.Qc2 Qc6
16.g4 Nc7 17.Ng3 Ne6 18.Qf5 Nf8 19.g5 N6d7 20.e4 dxe4 21.fxe4 Re7 22.Rf2 Rae8
23.Raf1 Ng6 24.e5 b5 25.Ne4 Nb6 26.Qf3 Nd5 27.Qh5 Ndf4 28.Rxf4 Nxf4 29.Rxf4 Qg6
30.Qxg6 hxg6 31.Nd6 Rb8 32.Rf1 Rc7 33.Rb1 Rb6 34.Rxb5 Rxb5 35.Nxb5 Rb7 36.Nd6 Rb1+
37.Kf2 Rh1 38.Kg2 Ra1 39.Nxc4 Kf8 40.Kf3  1-0

[Event "Neckar op 1st"]
[Site "Deizisau"]
[Date "1997.??.??"]
[Round "3"]
[White "Jostes, Marko"]
[Black "Farago, Ivan"]
[Result "0-1"]
[WhiteElo "2135"]
[BlackElo "2440"]

1.d4 Nf6 2.c4 e6 3.Nc3 Bb4 4.f3 d5 5.a3 Bxc3+ 6.bxc3 c5 7.e3 O-O 8.cxd5 Nxd5
9.c4 Nb6 10.Bb2 Bd7 11.Rc1 Qg5 12.Kf2 cxd4 13.exd4 Ba4 14.Qe1 Nc6 15.Qc3 Rfd8
16.Ne2 Rac8 17.g3 Ne7 18.Qb4 Nf5 19.c5 Qe3+ 20.Ke1 Bc6 21.Rc3 Nd5 22.Rxe3 Nxb4
23.Rb3 Nc2+ 24.Kf2 Ncxd4 25.Nxd4 Nxd4 26.Rd3 Nxf3 27.Rxf3 Rd2+  0-1

[Event "FIN-chT 9798"]
[Site "Finland"]
[Date "1997.??.??"]
[Round "5"]
[White "Lampen, Timo"]
[Black "Lahtinen, Markku"]
[Result "1/2-1/2"]
[WhiteElo "2275"]
[BlackElo "2240"]

1.d4 Nf6 2.c4 e6 3.Nc3 Bb4 4.f3 c5 5.d5 d6 6.e4 O-O 7.Bd3 Bxc3+ 8.bxc3 Nbd7
9.Ne2 Nh5 10.O-O e5 11.g4 Nhf6 12.Ng3 Ne8 13.a4 a5 14.Ra2 g6 15.h4 f6 16.Rh2 Rf7
17.Kg2 Ng7 18.Rfh1 Nf8 19.Bh6 Bd7 20.Bc2 Ra6 21.Qa1 Rb6 22.Rb1 Rxb1 23.Qxb1 Bc8
24.Rh1 Nd7 25.h5 Nf8 26.Qb5 Ne8 27.Bxf8 Rxf8 28.hxg6 hxg6 29.Rb1 Kf7 30.Qb6 Qxb6
31.Rxb6 Ke7 32.Rb5 Nc7 33.Rxa5 Bd7 34.Ra7 Rb8 35.Ne2 Na6 36.Kg3 g5 37.Nc1 Kd8
38.a5 Kc7 39.Kg2 Rh8 40.Bd1 Kb8 41.Rxa6 bxa6 42.Bc2 Kc7 43.Bb3 Rb8 44.Kf2 Kd8
45.Ke2 Kc7 46.Kf2 Kd8 47.Ke2 Kc7 48.Kf2 Kd8  1/2-1/2

[Event "Arnold mem"]
[Site "Gausdal"]
[Date "1997.??.??"]
[Round "5"]
[White "Behrhorst, Frank"]
[Black "Kristensen, Bjarke"]
[Result "1-0"]
[WhiteElo "2250"]
[BlackElo "2430"]

1.d4 Nf6 2.c4 e6 3.Nc3 Bb4 4.f3 O-O 5.e4 d6 6.Bd3 e5 7.d5 Nh5 8.Ne2 Qh4+
9.g3 Qf6 10.Kf2 Bh3 11.Be3 Bc5 12.Bxc5 dxc5 13.Qd2 Na6 14.Qe3 Rae8 15.Rhe1 g6
16.Kg1 Bd7 17.Bc2 Qd6 18.Rad1 Kh8 19.Ba4 Nb8 20.Bxd7 Nxd7 21.Nb5 Qb6 22.d6 c6
23.Nc7 Rd8 24.Rd3 Qa5 25.Rc1 b5 26.cxb5 cxb5 27.Nd5 b4 28.a3 Ng7 29.axb4 cxb4
30.Rc7 Qa1+ 31.Kg2 Qxb2 32.Rb3 Qa1 33.Rxa7 Qe1 34.Nxb4 Nc5 35.Rc3 Nge6 36.Nd3 Nxd3
37.Rxd3 Nd4 38.Rxd4 exd4 39.Qxd4+ Kg8 40.Nf4 Rc8 41.Nd5 Rc2+ 42.Kh3 Qf1+
43.Kg4 h5+ 44.Kg5 Rc4 45.Qf6  1-0

[Event "Geneve op"]
[Site "Geneve"]
[Date "1997.??.??"]
[Round "2"]
[White "Peric, Slavisa"]
[Black "Lehtivaara, Petri"]
[Result "0-1"]
[WhiteElo "2260"]
[BlackElo "2365"]

1.d4 Nf6 2.c4 e6 3.Nc3 Bb4 4.f3 d5 5.a3 Be7 6.e4 dxe4 7.fxe4 e5 8.d5 O-O
9.Be2 a5 10.Be3 Na6 11.Bf3 Bc5 12.Bxc5 Nxc5 13.Nge2 Ng4 14.Bxg4 Qh4+ 15.Ng3 Bxg4
16.Qc2 f5 17.O-O f4 18.Nh1 a4 19.Nf2 Bd7 20.Nd3 Nxd3 21.Qxd3 Ra6 22.Rf2 Rh6
23.g3 fxg3 24.Rxf8+ Kxf8 25.Qf3+ Kg8 26.Qg2 Rg6 27.h3 Bxh3 28.Qh1 Rf6  0-1

[Event "Geneve op"]
[Site "Geneve"]
[Date "1997.??.??"]
[Round "8"]
[White "Peric, Slavisa"]
[Black "Barle, Janez"]
[Result "0-1"]
[WhiteElo "2260"]
[BlackElo "2450"]

1.d4 Nf6 2.c4 e6 3.Nc3 Bb4 4.f3 b6 5.e4 Bxc3+ 6.bxc3 d6 7.Bd3 Bb7 8.Ne2 Nbd7
9.a4 a5 10.g4 h6 11.h4 c5 12.Ng3 Qc7 13.Kf2 O-O-O 14.g5 Ng8 15.Be3 h5 16.f4 g6
17.d5 Ne7 18.Qc2 Rde8 19.Nf1 Rhf8 20.Nd2 Kb8 21.Bf1 exd5 22.cxd5 f5 23.gxf6 Nxf6
24.Bh3 Nexd5 25.exd5 Rxe3 26.Kxe3 Nxd5+ 27.Kf2 Nxf4 28.Rhf1 Qe7 29.Nf3 Bxf3
30.Kxf3 Nxh3+ 31.Kg3 Qe3+ 32.Kh2 Nf2 33.Qxg6 Qh3+  0-1

[Event "Oberliga Ost B9798"]
[Site "Germany"]
[Date "1997.??.??"]
[Round "?.3"]
[White "Roeschlau, Bernd"]
[Black "Gebhardt, Ulrich"]
[Result "1-0"]
[WhiteElo "2245"]
[BlackElo "2230"]

1.d4 Nf6 2.c4 e6 3.Nc3 Bb4 4.f3 c5 5.d5 Bxc3+ 6.bxc3 Qa5 7.e4 Qxc3+ 8.Bd2 Qe5
9.Ne2 exd5 10.cxd5 d6 11.Bc3 Qe7 12.Ng3 O-O 13.Be2 Re8 14.O-O b6 15.Qd2 a6
16.Rae1 b5 17.f4 Nbd7 18.Bf3 b4 19.Ba1 Rd8 20.e5 Ne8 21.e6 Nb6 22.Nf5 Qc7
23.Nxg7 fxe6 24.Nxe6 Bxe6 25.dxe6 d5 26.Be5 Qe7 27.f5 Nc4 28.f6 Qxf6 29.Bxf6 Nxd2
30.Bxd8 Nxf1 31.e7 Nf6 32.Bxd5+  1-0

[Event "SWE-ch op"]
[Site "Gotland"]
[Date "1997.??.??"]
[Round "9"]
[White "Johansson, Carl Fredrik"]
[Black "Berg, Emanuel"]
[Result "0-1"]
[WhiteElo "2240"]
[BlackElo "2205"]

1.d4 e6 2.c4 Nf6 3.Nc3 Bb4 4.f3 d5 5.a3 Bxc3+ 6.bxc3 O-O 7.cxd5 exd5 8.e3 Bf5
9.g4 Nxg4 10.fxg4 Qh4+ 11.Kd2 Be4 12.Nf3 Qf2+ 13.Qe2 Qxf3 14.Rg1 Qxe2+ 15.Bxe2 Nc6
16.c4 Na5 17.Kc3 dxc4 18.Bxc4 c5 19.dxc5 Rac8 20.Bd3 Rxc5+ 21.Kd4 Nb3+ 22.Kxe4 Nxa1
23.Bb2 Nb3 24.Rg2 Rc6 25.Bb1 Rd8  0-1

[Event "Hafnarfjordur"]
[Site "Hafnarfjordur"]
[Date "1997.??.??"]
[Round "4"]
[White "Halldorsson, Bragi"]
[Black "Edvardsson, Kristjan"]
[Result "0-1"]
[WhiteElo "2270"]
[BlackElo "2210"]

1.d4 Nf6 2.c4 e6 3.Nc3 Bb4 4.f3 c5 5.d5 Nh5 6.e4 Qh4+ 7.Kd2 Ng3 8.Qe1 Nxf1+
9.Qxf1 exd5 10.cxd5 f5 11.Nh3 O-O 12.Kc2 Bxc3 13.bxc3 fxe4 14.Bg5 Qh5 15.g4 Qg6
16.f4 h6 17.f5 Qf7 18.Be3 Qxd5 19.Nf4 Qf7 20.Bxc5 Re8 21.Bd6 b6 22.Qh3 Qf6
23.Rad1 Ba6 24.Qg3 Bc4 25.Bxb8 Raxb8 26.Rxd7 Qc6 27.Rxa7 Ra8 28.Rxa8 Rxa8
29.Ra1 Qa4+ 30.Kd2 Qa3 31.Ke1 Bd3 32.Rd1 Qxc3+ 33.Rd2 Rxa2 34.Qe3 Qc1+  0-1

[Event "Hafnarfjordur"]
[Site "Hafnarfjordur"]
[Date "1997.??.??"]
[Round "5"]
[White "Edvardsson, Kristjan"]
[Black "Aagaard, Jacob"]
[Result "1/2-1/2"]
[WhiteElo "2210"]
[BlackElo "2435"]

1.d4 Nf6 2.c4 e6 3.Nc3 Bb4 4.f3 d5 5.a3 Be7 6.e4 dxe4 7.fxe4 e5 8.d5 Bc5
9.Nf3 Ng4 10.b4 Bf2+ 11.Ke2 O-O 12.h3 Bd4 13.Nxd4 exd4 14.Qxd4 c5 15.Qd2 Ne5  1/2-1/2

[Event "Hafnarfjordur"]
[Site "Hafnarfjordur"]
[Date "1997.??.??"]
[Round "8"]
[White "Halldorsson, Bragi"]
[Black "Brynell, Stellan"]
[Result "0-1"]
[WhiteElo "2270"]
[BlackElo "2465"]

1.d4 e6 2.c4 Nf6 3.Nc3 Bb4 4.f3 d5 5.a3 Bxc3+ 6.bxc3 c5 7.cxd5 Nxd5 8.Qd3 b6
9.e4 Ba6 10.Qc2 Bxf1 11.Kxf1 Ne7 12.dxc5 bxc5 13.Ne2 O-O 14.g3 Nd7 15.Kg2 Nc6
16.Rd1 Qe7 17.Bf4 e5 18.Qa4 exf4 19.Qxc6 Ne5 20.Qd6 Qxd6 21.Rxd6 fxg3 22.Kxg3 Nc4
23.Rc6 Rfc8 24.Ra6 Rd8 25.Rb1 g5 26.Rb5 Rac8 27.Rxa7 Rd2 28.Ng1 Ne3 29.f4 Nf1+
30.Kg4 Rg2+ 31.Kf3 Rxg1 32.Kf2 Rg4 33.Kxf1 Rxf4+ 34.Kg2 Rxe4 35.Rbb7 Rf4
36.Rc7 Rxc7 37.Rxc7 Rc4 38.a4 Rxc3 39.a5 h6 40.h4 Kg7 41.Rc6 c4 42.a6 Ra3
43.Kf2 c3 44.hxg5 hxg5 45.Kg3 c2+ 46.Kg4 Rxa6 47.Rxc2 Kg6 48.Rc5 Ra4+ 49.Kg3 f5
50.Rb5 Ra3+ 51.Kg2 f4 52.Rc5 Kh5  0-1

[Event "HUN-chT 9798"]
[Site "Hungary"]
[Date "1997.??.??"]
[Round "?"]
[White "Karolyi, Tibor Jr"]
[Black "Lorincz, Istvan"]
[Result "1-0"]
[WhiteElo "2390"]
[BlackElo "2360"]

1.d4 Nf6 2.c4 e6 3.Nc3 Bb4 4.f3 d5 5.a3 Be7 6.e4 dxe4 7.fxe4 e5 8.d5 O-O
9.Nf3 Ng4 10.Bd3 Bc5 11.Qe2 a5 12.Rf1 Nd7 13.h3 Ngf6 14.g4 c6 15.Bg5 Be7
16.Be3 Qc7 17.O-O-O Nc5 18.Bc2 Ne8 19.Qf2 Nd7 20.c5 Qb8 21.Bb3 b6 22.cxb6 c5
23.Ba4 Nxb6 24.Bc6 Ba6 25.Bxa8 Bxf1 26.Rxf1 Nxa8 27.Bxc5 Nd6 28.Nxe5 Nxe4
29.Nxe4 Qxe5 30.d6 Bg5+ 31.Nxg5 Qxg5+ 32.Kb1 Qd5 33.Qe3 h6 34.Re1 Rc8 35.Rc1 h5
36.gxh5 Qxh5 37.Qd4 Nb6 38.Rg1 Qh7+ 39.Ka2 Nd7 40.Bb6 g6 41.Bxa5  1-0

[Event "Jyvaskyla We JyS"]
[Site "Jyvaskyla"]
[Date "1997.??.??"]
[Round "2"]
[White "Lampen, Timo"]
[Black "Heinimaki, Leo"]
[Result "1-0"]
[WhiteElo "2275"]
[BlackElo "2065"]

1.d4 Nf6 2.c4 e6 3.Nc3 Bb4 4.f3 d5 5.a3 Bxc3+ 6.bxc3 c5 7.cxd5 Nxd5 8.dxc5 Qa5
9.e4 Ne7 10.Be3 O-O 11.Qb3 Nec6 12.a4 Nd7 13.Bb5 a6 14.Bxc6 bxc6 15.Qb4 Qxb4
16.cxb4 Rb8 17.Rb1 Ne5 18.Kd2 Nc4+ 19.Kd3 Nxe3 20.Kxe3 a5 21.Ne2 axb4 22.Nd4 Bd7
23.e5 f6 24.f4 fxe5 25.fxe5 Rb7 26.Rb2 Ra8 27.Ra1 Ra5 28.Nb3 Ra6 29.Nd2 Ra5
30.Kd4 Bc8 31.Nc4 Rd7+ 32.Nd6 Ba6 33.Rxb4 h6 34.Rb8+ Kh7 35.Ra8 Kg6 36.Ra3 Kh7
37.h3 Kg6 38.Ra1 Kh7 39.Ke3 Kg6 40.Kf4 Kh7 41.h4 Kg6 42.g4 h5 43.gxh5+ Kh7  1-0

[Event "Lichtenstein op"]
[Site "Lichtenstein"]
[Date "1997.??.??"]
[Round "4"]
[White "Partos, Charles"]
[Black "Sher, Miron N"]
[Result "1/2-1/2"]
[WhiteElo "2380"]
[BlackElo "2470"]

1.d4 Nf6 2.c4 e6 3.Nc3 Bb4 4.f3 d5 5.a3 Bxc3+ 6.bxc3 c5 7.cxd5 Nxd5 8.dxc5 Qa5
9.e4 Ne7 10.Be3 O-O 11.Qb3 Na6 12.Bb5 e5 13.Bc4 Nc6 14.Ne2 Nxc5 15.Qb5 Qxb5
16.Bxb5 Nb3 17.Rd1 Nca5 18.f4 Be6 19.fxe5 Bc4 20.Bd7 Be6  1/2-1/2

[Event "SLO-ch (Women)"]
[Site "Ljubljana"]
[Date "1997.??.??"]
[Round "6"]
[White "Stumberger, Tania"]
[Black "Stevanec, Lea"]
[Result "0-1"]
[WhiteElo "2045"]
[BlackElo "2040"]

1.d4 Nf6 2.c4 e6 3.Nc3 Bb4 4.f3 d5 5.a3 Bxc3+ 6.bxc3 O-O 7.Bg5 c6 8.e4 dxe4
9.fxe4 Qa5 10.Bxf6 Qxc3+ 11.Kf2 gxf6 12.h4 e5 13.d5 cxd5 14.exd5 e4 15.Nh3 Kh8
16.Ra2 Rg8 17.Qa1 Qg3+ 18.Kg1 Nd7 19.Rf2 Rg7 20.Nf4 e3 21.Rf3  0-1

[Event "Manchester op"]
[Site "Manchester"]
[Date "1997.??.??"]
[Round "9"]
[White "Beckett, Christopher J"]
[Black "Bosch, Jeroen"]
[Result "0-1"]
[WhiteElo "2110"]
[BlackElo "2405"]

1.d4 Nf6 2.c4 e6 3.Nc3 Bb4 4.f3 d5 5.a3 Bxc3+ 6.bxc3 c5 7.e3 O-O 8.cxd5 exd5
9.Bd3 b6 10.Ne2 Ba6 11.Bxa6 Nxa6 12.Qd3 Nc7 13.O-O Re8 14.Ng3 Ne6 15.Ra2 Rc8
16.Nf5 g6 17.Nh6+ Kg7 18.e4 cxd4 19.e5 Ng8 20.Ng4 Rxc3 21.Qd2 Qc7 22.f4 Rc8
23.Ra1 Rc2 24.Qe1 Qc3 25.f5 Qxe1 26.f6+ Kf8 27.Rxe1 Nc5 28.a4 Ke8 29.Ba3 h5
30.Bxc5 bxc5 31.Nf2 c4 32.Rab1 d3 33.Red1 Nh6 34.Rb7 d2 35.Kf1 Rc1 36.Re7+ Kf8  0-1

[Event "Minsk op"]
[Site "Minsk"]
[Date "1997.??.??"]
[Round "1"]
[White "Dubinskaya, M."]
[Black "Volzhin, Alexander"]
[Result "0-1"]
[WhiteElo "2070"]
[BlackElo "2505"]

1.d4 Nf6 2.c4 e6 3.Nc3 Bb4 4.f3 d5 5.a3 Bxc3+ 6.bxc3 c5 7.cxd5 exd5 8.e3 Qc7
9.Ra2 Bf5 10.Bd3 Bxd3 11.Qxd3 cxd4 12.exd4 O-O 13.Ne2 Nbd7 14.Bf4 Qc4 15.Qxc4 dxc4
16.Rb2 b6 17.Kf2 Rfe8 18.Re1 Nd5 19.Rb5 Rxe2+ 20.Rxe2 Nxf4 21.Re7 Nf6 22.Rc7 a6
23.Rf5 Nd3+ 24.Kf1 b5 25.d5 h6 26.h4 Re8 27.Rc6 Rd8 28.Rxa6 Nxd5 29.Rh5 g6
30.Rxh6 Re8 31.f4 N5xf4  0-1

[Event "Nova Gorica op"]
[Site "Nova Gorica"]
[Date "1997.??.??"]
[Round "8"]
[White "Varga, Mariano"]
[Black "Tonon, Alessandro"]
[Result "0-1"]
[WhiteElo "2275"]
[BlackElo "2140"]

1.d4 Nf6 2.c4 e6 3.Nc3 Bb4 4.f3 d5 5.a3 Bxc3+ 6.bxc3 O-O 7.Bg5 h6 8.Bh4 c5
9.Nh3 Qa5 10.Qd2 Nbd7 11.e3 b6 12.Be2 Ba6 13.cxd5 exd5 14.Bxa6 Qxa6 15.Kf2 Rac8
16.Rhc1 Rc6 17.Bxf6 Nxf6 18.Nf4 Rfc8 19.Qd3 Qa4 20.Qd1 Qc4 21.Qd3 Qa4 22.Qd1 Qa5
23.Ne2 R8c7 24.Nf4 cxd4 25.cxd4 Rc3 26.Ne2 R3c4 27.Qd3 b5 28.Rxc4 bxc4 29.Qc3 Qb6
30.Qb4 Qe6 31.Nc3 Re7 32.Re1 Qf5 33.Qb1 Ng4+ 34.Kg1 Rxe3 35.Qb8+ Kh7 36.Rc1 Qd3
37.fxg4 Qxd4 38.Qb1+ g6 39.Ne2 Rxe2+ 40.Kh1 Qf2  0-1